Music Quiz

Random Music or Kpop Quiz

K-Pop Idol Debut by Year Quiz Stats

Quiz not verified by Sporcle

Challenge
Share
Tweet
Embed
Score 0/186 Timer 20:00
0 Plays Today
% Correct
2016
57.4%
2016
54.1%
2016
47.5%
2016
45.9%
2016
44.3%
2016
38.7%
2015
37%
2016
34.5%
2016
34.5%
2015
34.5%
2015
34.5%
2015
34.2%
2016
33.6%
2015
33.6%
2015
33.6%
2015
33.6%
2016
33.6%
2015
33.3%
2015
33.3%
2015
33.1%
2015
32.8%
2016
32.5%
2015
32.5%
2015
32.5%
2016
32.2%
2015
32.2%
2015
31.9%
2015
31.9%
2015
31.7%
2015
31.4%
2015
31.1%
2015
30.5%
2015
30.3%
2016
29.7%
2009
28.6%
2015
27.7%
2014
26.6%
2012
26.6%
2009
26.6%
2014
26.3%
2009
26.3%
2009
26.3%
2009
26.1%
2007
25.8%
2009
25.5%
2014
25.2%
2014
24.9%
2012
24.9%
2012
24.9%
2014
24.6%
2014
24.6%
2012
24.6%
2012
24.6%
2009
24.6%
2009
24.6%
2008
24.6%
2009
24.4%
2014
24.1%
2014
24.1%
2012
24.1%
2014
23.8%
2012
23.8%
% Correct
2008
23.8%
2014
23.2%
2014
23.2%
2012
23.2%
2014
23%
2014
23%
2014
23%
2012
23%
2012
23%
2012
23%
2013
22.7%
2012
22.7%
2012
22.7%
2009
22.7%
2014
22.4%
2014
22.4%
2012
22.4%
2012
22.4%
2012
22.4%
2012
22.4%
2010
22.1%
2014
21.8%
2014
21.8%
2014
21.8%
2014
21.8%
2008
21.8%
2014
21.6%
2012
21.6%
2012
21.6%
2012
21.6%
2012
21.6%
2012
21.6%
2012
21.6%
2007
21.6%
2010
21.3%
2012
21%
2010
21%
2008
20.7%
2007
20.7%
2014
20.4%
2010
20.4%
2010
20.4%
2010
20.4%
2008
20.4%
2005
20.4%
2007
19.9%
2010
19.6%
2007
19.6%
2010
19.3%
2008
19.3%
2007
19.3%
2014
19%
2012
18.8%
2007
18.8%
2013
18.5%
2013
18.5%
2010
18.5%
2010
18.5%
2010
18.5%
2010
18.2%
2013
17.9%
2011
17.9%
% Correct
2010
17.9%
2010
17.9%
2010
17.9%
2005
17.9%
2013
17.6%
2013
17.6%
2010
17.6%
2005
17.6%
2013
17.4%
2011
17.4%
2011
17.4%
2006
17.4%
2003
17.4%
2014
17.1%
2013
17.1%
2013
16.8%
2011
16.8%
2011
16.8%
2006
16.8%
2013
16.5%
2011
16.5%
2010
16.5%
2006
16.5%
2006
16.5%
2003
16.2%
2013
16%
2013
16%
2011
16%
2011
16%
2013
15.4%
2005
15.4%
2011
14.8%
2011
14.6%
1997
14.3%
1996
14.3%
2011
14%
2011
13.7%
2011
13.7%
1998
13.7%
2011
13.4%
1998
13.4%
2011
12.6%
2011
12.6%
1997
12.6%
2011
11.8%
1998
11.5%
1997
11.5%
2011
10.9%
1992
10.9%
1999
10.6%
1998
10.6%
2001
9.5%
1999
9.5%
1997
9.5%
2001
9%
2001
8.4%
2004
7.8%
1995
6.7%
2004
6.4%
2002
6.2%
2004
5.9%
1994
3.6%

You're not logged in!

Compare scores with friends on all Sporcle quizzes.
Sign Up with Email
OR
Log In

You Might Also Like...

Show Comments

Extras

Top Quizzes Today


Score Distribution

Your Account Isn't Verified!

In order to create a playlist on Sporcle, you need to verify the email address you used during registration. Go to your Sporcle Settings to finish the process.

Report this User

Report this user for behavior that violates our Community Guidelines.

Details: